000 00788nam a22002177a 4500
005 20111223104431.0
008 111223t xxu||||| |||| 00| 0 eng d
010 _aENG-104453
020 _a9788178331331
_c1175.00
035 _aEN-87986
037 _bDBAD/PUB
040 _aDPL
_bEng
082 _a615.321
100 _937371
_aPanda, H.
245 0 0 _aHandbook on drugs from natural sources /
_b
_cby H. Panda
260 _aDelhi
_bAsia Pacific Business Press
_c(201?)
270 _a106-E, Kamla Nagar,
_b Delhi
_e110007
300 _a472p. :
_c21cm (pbk)
_bill.
942 _2ddc
_cEN
_mPAN
_h615.321
999 _c59923
_d59923